01162nam a2200253Ia 450000500170000000800410001702000180005804000180007604100080009408200230010210000260012524501010015125000120025226000570026430000310032165000490035265000420040165000570044370000280050094200320052899900190056095201640057995201650074320230214144525.0210716s2002 xx 000 0 und d a9788120321496 cAIMIT LIBRARY aeng a658.1599 21bCLIR aClick, Reid W.972260 aTheory and practice of international financial management /cBy Reid W Click and Joshua D Coval. a1st ed. aNew Delhi :bPrentice Hall of India PVt Ltd ,c2002. axxii,438p. ;bPBc23.5 cm. aInternational macroeconomics concepts972261 aManaging foreign exchange risk972262 aManaging international taxation and political972263 aCoval, Joshua D.972264 2ddccBKe1stk658.1599 CLIR c208182d208182 00102ddc40708MBAaAIMITbAIMITd2004-04-15g20.00iBill no:5935; Bill dt:2004-03-31l0o658.1599 CLIRpMBA00244r2025-07-21 00:00:00v16.00w2021-07-16yBK 00102ddc40708MBAaAIMITbAIMITd2013-10-10g325.00iBill no:976; Bill dt:2013-09-05l0o658.1599 CLIRpMBA10748r2025-07-21 00:00:00v243.75w2021-07-16yBK